I WONDER WHY (Record no. 4599)
[ view plain ]
| 000 -LEADER | |
|---|---|
| fixed length control field | 00271nam a22001097a 4500 |
| 008 - FIXED-LENGTH DATA ELEMENTS--GENERAL INFORMATION | |
| fixed length control field | 250304b ||||| |||| 00| 0 eng d |
| 020 ## - INTERNATIONAL STANDARD BOOK NUMBER | |
| International Standard Book Number | 9780753405086 |
| 082 ## - DEWEY DECIMAL CLASSIFICATION NUMBER | |
| Classification number | 591.39 WOO |
| 100 ## - MAIN ENTRY--PERSONAL NAME | |
| Personal name | WOOD,JENNY |
| Relator term | AUTHOR |
| 245 ## - TITLE STATEMENT | |
| Title | I WONDER WHY |
| Remainder of title | KANGAROOS HAVE POUCHES |
| 942 ## - ADDED ENTRY ELEMENTS (KOHA) | |
| Source of classification or shelving scheme | |
| Withdrawn status | Lost status | Source of classification or shelving scheme | Damaged status | Not for loan | Collection code | Permanent Location | Current Location | Shelving location | Date acquired | Total Checkouts | Full call number | Barcode | Date last seen | Date last checked out | Price effective from | Koha item type | Public note |
|---|---|---|---|---|---|---|---|---|---|---|---|---|---|---|---|---|---|
| Non-Fiction | KH8 Primary School Library | KH8 Primary School Library | Non Fiction | 2025-03-04 | 3 | 591.39 WOO | KHPL000006434 | 2025-12-05 | 2025-06-09 | 2025-03-04 | Books - Non Ficton | KH8 PRIMARY LIBRARY |